000 00333 a2200157 4500
001 178889
020 _a
040 _cMagnum
100 _aRosa, Joao Guimaraes
240 1 0 _aNoites do sertão
_lpor
245 1 0 _aNoites do sertão
362 0 _a1899
440 1 _aNova Fronteira
697 _aMAGNITO: A/ROMANCE
942 _cBK
999 _c178889
_d178889